| 000 | 01522cam a2200397 i 4500 | ||
|---|---|---|---|
| 001 | 200459957 | ||
| 003 | TR-AnTOB | ||
| 005 | 20260129133251.0 | ||
| 007 | ta | ||
| 008 | 240506m20172023tu aoh g 000 p tur d | ||
| 020 |
_a9786056625909 _q(set) |
||
| 020 |
_a9786054635719 _q(set) |
||
| 020 |
_a9786056625923 _q(volume 2 : paperback) |
||
| 020 |
_a9786054635726 _q(volume 3 : paperback) |
||
| 020 |
_a9786257760327 _q(volume 4 : paperback) |
||
| 020 |
_a9786257471497 _q(volume 5 : paperback) |
||
| 020 |
_a9786258371826 _q(volume 6 : paperback) |
||
| 020 |
_a9786256769595 _q(volume 7 : paperback) |
||
| 040 |
_aSULEY _beng _erda _cSULEY _dTR-AnTOB |
||
| 041 | 0 | _atur | |
| 050 | 0 | 4 |
_aPL234 _b.Ş478 2017-2023 |
| 090 |
_aPL234 _b.Ş478 2017-2023 |
||
| 100 | 1 |
_aŞentürk, Ahmet Atilla, _d1958- _eauthor _934676 |
|
| 245 | 1 | 0 |
_aOsmanlı şiiri kılavuzu / _cAhmet Atillâ Şentürk. |
| 250 | _a1. baskı | ||
| 264 | 1 |
_aTopkapı-Fatih, İstanbul : _bOSEDAM, _c2017-2023 |
|
| 300 |
_avolume <2-7> : _billustration, facsimiles ; _c28 cm |
||
| 336 |
_atext _btxt _2rdacontent |
||
| 337 |
_aunmediated _bn _2rdamedia |
||
| 338 |
_avolume _bnc _2rdacarrier |
||
| 505 | 0 | 0 |
_gvolume 2. _tBab-Çüst eri -- _gvolume 3. _tDâbbe-Düzgün -- _gvolume 4. _tEbabil - Füsun -- _gvolume 5. _tGabgab - Güzellik -- _gvolume 6. _tHab - Hindi -- _gvolume 7. _tHindistan - Jüpiter |
| 650 | 7 |
_aTürk şiiri _2etuturkob _984273 |
|
| 650 | 7 |
_aTürk dili _vSöz dağarcığı _2etuturkob _9133014 |
|
| 942 |
_2lcc _cBK |
||
| 999 |
_c200459957 _d78169 |
||